[Event "ROM-ch U14 Girls"]
[Site "Eforie Nord"]
[Date "2022.04.15"]
[Round "6"]
[White "Pirvan, Maria"]
[Black "Maria, Lia Alexandra"]
[Result "0-1"]
[WhiteElo "1658"]
[BlackElo "1753"]
[PlyCount "44"]
[EventDate "2022.04.11"]
[EventType "swiss"]
[EventRounds "9"]
[EventCountry "ROU"]
[SourceTitle "EXT 2023"]
[Source "ChessBase"]
[SourceDate "2022.10.05"]
[SourceVersion "1"]
[SourceVersionDate "2022.10.05"]
[SourceQuality "1"]

1. e4 c5 2. Nf3 d6 3. d4 cxd4 4. Nxd4 Nf6 5. Nc3 Nc6 6. Bg5 g6 7. Bxf6 exf6 8. Qd2 Bg7 9. Ndb5 0-0 10. Nxd6 f5 11. 0-0-0 Qb6 12. exf5 gxf5 13. Bd3 Ne5 14. Nc4 Nxd3+ 15. Qxd3 Qxf2 16. Rdf1 Qc5 17. Kb1 Be6 18. Na3 a6 19. Ka1 b5 20. Nab1 b4 21. Ne2 Rfd8 22. Qf3 Qxc2 0-1

[Event "EU-ch (Women) 21st"]
[Site "Iasi"]
[Date "2021.08.20"]
[Round "11"]
[White "Pirvan, Maria"]
[Black "Babineca, Darja"]
[Result "1/2-1/2"]
[WhiteElo "1628"]
[BlackElo "1756"]
[PlyCount "170"]
[EventDate "2021.08.09"]
[EventType "swiss"]
[EventRounds "11"]
[EventCountry "ROU"]
[SourceTitle "CBM 203 Extra"]
[Source "ChessBase"]
[SourceDate "2021.09.30"]
[SourceVersion "1"]
[SourceVersionDate "2021.09.30"]
[SourceQuality "1"]

1. e4 c5 2. Nf3 d6 3. d4 cxd4 4. Nxd4 Nf6 5. Nc3 a6 6. Bg5 e6 7. f4 Be7 8. Qf3 Qc7 9. 0-0-0 Nbd7 10. g4 h6 11. Bxf6 Bxf6 12. h4 Nb6 13. g5 Bxd4 14. Rxd4 Bd7 15. Qd1 0-0-0 16. Bh3 hxg5 17. fxg5 Rxh4 18. Rxd6 Nc4 19. Rd3 Qf4+ 20. Kb1 Qxg5 21. Rg1 Qf6 22. Qe2 Ne5 23. Rdg3 Bc6 24. Bf1 g6 25. Qe3 Qf4 26. Qc5 Qd2 27. b4 Rh2 28. Na4 Nd7 29. Qc4 Kb8 30. Nc5 Bb5 31. Qb3 Nxc5 32. bxc5 Qd1+ 33. Kb2 Bxf1 34. c6 Qd4+ 35. Rc3 Bb5 36. c7+ Ka7 37. cxd8Q Qxd8 38. a4 Qd4 39. Ra1 Bc6 40. a5 Rf2 41. Rd1 Qxd1 42. Qb6+ Kb8 43. Qxf2 Qd7 44. Rh3 Qe7 45. Rh8+ Be8 46. Qd4 f5 47. e5 Kc8 48. c3 Qd7 49. Qc5+ Kd8 50. Qb6+ Kc8 51. Qc5+ Kd8 52. Qb6+ Kc8 53. Qc5+ Kb8 54. Qd6+ Ka7 55. Qxd7 Bxd7 56. Rg8 Bc6 57. Rxg6 Bd5 58. Rf6 Kb8 59. Ka3 Kc7 60. Kb4 Kd7 61. Kc5 Bc6 62. c4 Ke7 63. Kb6 Bf3 64. Kc5 Be2 65. Kd4 Bh5 66. Ke3 Be8 67. Kd4 Bd7 68. Ke3 Bc8 69. Rh6 Kd7 70. Kd4 Kc6 71. Rg6 b6 72. axb6 Kxb6 73. Rg8 Kc7 74. Kc5 a5 75. Kb5 Bd7+ 76. Kxa5 Kc6 77. Kb4 Kb6 78. c5+ Kc7 79. Kc4 Bc8 80. Rg1 Ba6+ 81. Kd4 Kc6 82. Rg6 Bc8 83. Rg7 Bd7 84. Re7 Bc8 85. Rh7 Bb7 1/2-1/2

[Event "EU-ch (Women) 21st"]
[Site "Iasi"]
[Date "2021.08.14"]
[Round "6"]
[White "Tamrazyan, Gohar"]
[Black "Pirvan, Maria"]
[Result "1-0"]
[WhiteElo "1973"]
[BlackElo "1628"]
[PlyCount "71"]
[EventDate "2021.08.09"]
[EventType "swiss"]
[EventRounds "11"]
[EventCountry "ROU"]
[SourceTitle "CBM 203 Extra"]
[Source "ChessBase"]
[SourceDate "2021.09.30"]
[SourceVersion "1"]
[SourceVersionDate "2021.09.30"]
[SourceQuality "1"]

1. e4 c5 2. Nc3 Nc6 3. Bb5 Nd4 4. Bc4 e6 5. Nf3 Nf6 6. 0-0 d5 7. exd5 exd5 8. Nxd5 Nxd5 9. Nxd4 cxd4 10. Qh5 Be6 11. Re1 Be7 12. Rxe6 0-0 13. Re1 Nf6 14. Qf3 Qc7 15. d3 Bd6 16. h3 b5 17. Bb3 Bb4 18. Bf4 Qb6 19. Re2 Rae8 20. a3 Rxe2 21. Qxe2 Re8 22. Qf3 Bd6 23. Bxd6 Qxd6 24. a4 b4 25. a5 Qc7 26. a6 Qb6 27. Qb7 Rb8 28. Qxf7+ Kh8 29. Bc4 Re8 30. Qb7 Qc5 31. g3 h6 32. Kg2 Re2 33. Bb3 Qf5 34. Rf1 Nh5 35. Qxa7 Kh7 36. Qxd4 1-0

[Event "EU-ch (Women) 21st"]
[Site "Iasi"]
[Date "2021.08.10"]
[Round "2"]
[White "Narva, Triin"]
[Black "Pirvan, Maria"]
[Result "1-0"]
[WhiteElo "2100"]
[BlackElo "1628"]
[PlyCount "59"]
[EventDate "2021.08.09"]
[EventType "swiss"]
[EventRounds "11"]
[EventCountry "ROU"]
[SourceTitle "CBM 203 Extra"]
[Source "ChessBase"]
[SourceDate "2021.09.30"]
[SourceVersion "1"]
[SourceVersionDate "2021.09.30"]
[SourceQuality "1"]

1. e4 c5 2. Nc3 Nc6 3. Nge2 Nd4 4. Nxd4 cxd4 5. Nb5 e5 6. Bc4 Nf6 7. a4 a6 8. Na3 Bc5 9. d3 0-0 10. 0-0 d5 11. exd5 Nxd5 12. Re1 Qd6 13. Qf3 Bxa3 14. Bxd5 Bb4 15. Re2 Ra7 16. Qe4 Re8 17. f4 Bg4 18. fxe5 Qg6 19. Qxg6 hxg6 20. Rf2 Rxe5 21. Bxf7+ Kh7 22. Bf4 Re7 23. Bb3 b6 24. h3 Be6 25. Bg5 Re8 26. Re2 Bd7 27. Rxe8 Bxe8 28. Rf1 b5 29. Rf4 Be1 30. Re4 1-0

[Event "ROM-ch (Women)"]
[Site "Iasi"]
[Date "2021.04.23"]
[Round "6"]
[White "Andries, Alexia"]
[Black "Pirvan, Maria"]
[Result "1/2-1/2"]
[WhiteElo "1553"]
[BlackElo "1529"]
[PlyCount "130"]
[EventDate "2021.04.19"]
[EventType "swiss"]
[EventRounds "9"]
[EventCountry "ROU"]
[SourceTitle "CBM 202 Extra"]
[Source "ChessBase"]
[SourceDate "2021.07.31"]
[SourceVersion "1"]
[SourceVersionDate "2021.07.31"]
[SourceQuality "1"]

1. d4 Nf6 2. c4 c5 3. e3 g6 4. Nc3 Bg7 5. Nf3 0-0 6. Bd3 d5 7. 0-0 cxd4 8. exd4 Nc6 9. Re1 Bg4 10. Be2 dxc4 11. d5 Nb4 12. h3 Bf5 13. Bxc4 Nc2 14. Bf4 Nxa1 15. Qxa1 Rc8 16. Bb3 Nh5 17. Be5 Bxe5 18. Nxe5 Nf4 19. Qd1 Qd6 20. Qd2 g5 21. h4 f6 22. Nf3 g4 23. Nd4 Bg6 24. Ne6 Nxe6 25. Rxe6 Qb4 26. d6 Bf7 27. dxe7 Bxe6 28. Bxe6+ Kh8 29. exf8Q+ Rxf8 30. Qh6 Qe7 31. Bxg4 Qg7 32. Qxg7+ Kxg7 33. Kh2 Rd8 34. Ne4 Rd4 35. Bf3 f5 36. Nc5 Rxh4+ 37. Kg3 Rb4 38. Nxb7 Rxb2 39. a4 Rb4 40. a5 Ra4 41. Kh3 Kf6 42. g3 Ra3 43. Kg2 a6 44. Be2 Rb3 45. Bxa6 Ke7 46. f3 Rb2+ 47. Kh3 Rb3 48. f4 h6 49. Nc5 Ra3 50. Bb7 Rxa5 51. Nd3 Kf6 52. Ne5 Ra3 53. Bf3 Ra4 54. Nd7+ Kg6 55. Nb6 Ra6 56. Nd5 Re6 57. Kg2 Rd6 58. Kh3 Re6 59. g4 fxg4+ 60. Kxg4 Ra6 61. Be4+ Kf7 62. f5 Ra1 63. Nf4 Rf1 64. Bd5+ Kf6 65. Nh5+ Ke5 1/2-1/2

[Event "ROM-ch (Women)"]
[Site "Iasi"]
[Date "2021.04.19"]
[Round "1"]
[White "Obada, Ema"]
[Black "Pirvan, Maria"]
[Result "1-0"]
[WhiteElo "1940"]
[BlackElo "1529"]
[PlyCount "93"]
[EventDate "2021.04.19"]
[EventType "swiss"]
[EventRounds "9"]
[EventCountry "ROU"]
[SourceTitle "CBM 202 Extra"]
[Source "ChessBase"]
[SourceDate "2021.07.31"]
[SourceVersion "1"]
[SourceVersionDate "2021.07.31"]
[SourceQuality "1"]

1. e4 c5 2. Nf3 Nc6 3. Bb5 g6 4. Bxc6 dxc6 5. 0-0 Nf6 6. d3 Bg7 7. Nc3 0-0 8. Be3 b6 9. h3 Ba6 10. Qc1 Qc7 11. Bf4 Qb7 12. Bh6 c4 13. Bxg7 Kxg7 14. d4 c5 15. d5 b5 16. Qe3 Rac8 17. Rad1 Rfd8 18. Ne2 e6 19. dxe6 Qxe4 20. Qxe4 Nxe4 21. e7 Rxd1 22. Rxd1 Nf6 23. Rd8 Ne8 24. Nf4 f6 25. Rd7 Ra8 26. Ne6+ Kf7 27. Nxc5 Bc8 28. Rd1 Kxe7 29. Nd4 Nc7 30. Nc6+ Kf7 31. Rd8 Ne6 32. Nxe6 Kxe6 33. Nd4+ Ke7 34. Rh8 a6 35. Rxh7+ Kd6 36. c3 Bf5 37. f4 Bd3 38. Rf7 f5 39. Rf6+ Kc7 40. Rxg6 Re8 41. Re6 Rxe6 42. Nxe6+ Kd6 43. Nd4 Kc5 44. a3 a5 45. Kf2 b4 46. axb4+ axb4 47. g4 1-0

[Event "EU-ch Online U12 Girls"]
[Site "Tornelo INT"]
[Date "2020.09.20"]
[Round "8"]
[White "Abdinova, Narmin"]
[Black "Pirvan, Maria"]
[Result "1-0"]
[WhiteElo "1621"]
[BlackElo "1232"]
[PlyCount "97"]
[EventDate "2020.09.18"]
[EventType "swiss (rapid)"]
[EventRounds "9"]
[EventCountry "NET"]
[SourceTitle "EXT 2023"]
[Source "ChessBase"]
[SourceDate "2022.10.05"]
[SourceVersion "1"]
[SourceVersionDate "2022.10.05"]
[SourceQuality "1"]
[WhiteTeam "Azerbaijan"]
[BlackTeam "Romania"]
[WhiteTeamCountry "AZE"]
[BlackTeamCountry "ROU"]

1. e4 d5 2. exd5 Qxd5 3. Nc3 Qd8 4. d4 Nf6 5. Nf3 g6 6. Bc4 Bg7 7. 0-0 0-0 8. Be3 Nc6 9. Qd2 b6 10. Rad1 e6 11. Bg5 Na5 12. Be2 Bb7 13. Qf4 Qd6 14. Nb5 Qxf4 15. Bxf4 Nd5 16. Bg3 c5 17. c4 Nf6 18. dxc5 bxc5 19. Bc7 Nc6 20. Bd6 Rfd8 21. Bxc5 Ne4 22. Bd4 Nxd4 23. Nbxd4 Rd7 24. Nb5 Rxd1 25. Rxd1 a6 26. Nd6 Nxd6 27. Rxd6 Bxf3 28. Bxf3 Rc8 29. b3 Be5 30. Rxa6 Rd8 31. Ra8 Bb8 32. c5 g5 33. g3 f5 34. h3 Kg7 35. b4 Bc7 36. Ra7 Rd7 37. b5 Rf7 38. Bh5 Rd7 39. b6 Rd2 40. Rxc7+ Kh6 41. b7 Rb2 42. Bf3 g4 43. hxg4 fxg4 44. Bc6 Rb1+ 45. Kg2 Kg5 46. Rc8 h5 47. b8Q Rd1 48. Qf4+ Kg6 49. Rg8+ 1-0

[Event "EU-ch Online U12 Girls"]
[Site "Tornelo INT"]
[Date "2020.09.19"]
[Round "6"]
[White "Pirvan, Maria"]
[Black "Jansone, Melanija Luize"]
[Result "1-0"]
[WhiteElo "1232"]
[BlackElo "1484"]
[PlyCount "59"]
[EventDate "2020.09.18"]
[EventType "swiss (rapid)"]
[EventRounds "9"]
[EventCountry "NET"]
[SourceTitle "EXT 2023"]
[Source "ChessBase"]
[SourceDate "2022.10.05"]
[SourceVersion "1"]
[SourceVersionDate "2022.10.05"]
[SourceQuality "1"]
[WhiteTeam "Romania"]
[BlackTeam "Latvia"]
[WhiteTeamCountry "ROU"]
[BlackTeamCountry "LAT"]

1. e4 d6 2. d4 Nf6 3. Nc3 g6 4. f4 Bg7 5. Nf3 0-0 6. Bd3 c5 7. e5 dxe5 8. dxe5 Nd5 9. Nxd5 Qxd5 10. 0-0 Qd8 11. Be3 Qc7 12. Qe2 Bg4 13. h3 Bxf3 14. Qxf3 Nc6 15. Be4 Rac8 16. Qg4 Nd4 17. c3 Nc6 18. h4 f5 19. Bd5+ Kh8 20. Qh3 Qd7 21. Rad1 e6 22. Bf3 Qf7 23. h5 gxh5 24. Bxh5 Qe7 25. Bg6 h6 26. Bf2 Rg8 27. Bh4 Qc7 28. Bf6 Rgf8 29. Qxh6+ Kg8 30. Qh7# 1-0

[Event "EU-ch Online U12 Girls"]
[Site "Tornelo INT"]
[Date "2020.09.19"]
[Round "4"]
[White "Pirvan, Maria"]
[Black "Wartenberg, Alissa"]
[Result "1-0"]
[WhiteElo "1232"]
[BlackElo "1463"]
[PlyCount "127"]
[EventDate "2020.09.18"]
[EventType "swiss (rapid)"]
[EventRounds "9"]
[EventCountry "NET"]
[SourceTitle "EXT 2023"]
[Source "ChessBase"]
[SourceDate "2022.10.05"]
[SourceVersion "1"]
[SourceVersionDate "2022.10.05"]
[SourceQuality "1"]
[WhiteTeam "Romania"]
[BlackTeam "Germany"]
[WhiteTeamCountry "ROU"]
[BlackTeamCountry "GER"]

1. e4 e5 2. Nf3 Nc6 3. Nc3 Nf6 4. d4 exd4 5. Nxd4 Bb4 6. Nxc6 bxc6 7. Bd3 d5 8. exd5 0-0 9. 0-0 cxd5 10. h3 Re8 11. Qf3 h6 12. Bf4 Bb7 13. Rfe1 Qd7 14. Rxe8+ Rxe8 15. Bxh6 Bc6 16. Qg3 Nh5 17. Qg5 Bxc3 18. bxc3 Qe6 19. Qxh5 Qxh6 20. Qf5 g6 21. Qf6 Re6 22. Qd8+ Kg7 23. Qxc7 Qg5 24. Qg3 Qf6 25. Rb1 Qxc3 26. Kh2 Qa5 27. Rb8 Qe1 28. Qh4 Qe5+ 29. Qg3 Qxg3+ 30. Kxg3 Re1 31. Rc8 Re6 32. Rc7 a5 33. h4 Kf6 34. Kf4 Kg7 35. g4 Rf6+ 36. Kg3 Re6 37. Kf4 d4 38. h5 gxh5 39. gxh5 Kh6 40. Rxf7 Kxh5 41. Rf5+ Kh6 42. Rxa5 Rf6+ 43. Kg3 Kg7 44. Ra7+ Rf7 45. Rxf7+ Kxf7 46. Kf4 Kf6 47. Be4 Bb5 48. Bd5 Ba4 49. Bb3 Bc6 50. a4 Ke7 51. Ke5 Kd7 52. Kxd4 Kd6 53. f4 Ke7 54. Ke5 Bb7 55. f5 Kf8 56. Kf6 Be4 57. a5 Bb7 58. Bc4 Bc8 59. a6 Bd7 60. Bd5 Bb5 61. a7 Be8 62. Ke5 Ke7 63. a8Q Bd7 64. f6# 1-0

[Event "ROM-ch U10 Girls"]
[Site "Calimanesti"]
[Date "2018.04.01"]
[Round "7"]
[White "Stoenescu, Ioana Teodora"]
[Black "Pirvan, Maria"]
[Result "1-0"]
[WhiteElo "1099"]
[BlackElo "1311"]
[PlyCount "121"]
[EventDate "2018.03.27"]
[EventType "swiss"]
[EventRounds "9"]
[EventCountry "ROU"]
[SourceTitle "CBM 183 Extra"]
[Source "ChessBase"]
[SourceDate "2018.04.19"]
[SourceVersion "1"]
[SourceVersionDate "2018.04.19"]
[SourceQuality "1"]

1. c4 e6 2. Nc3 d5 3. cxd5 exd5 4. e3 Nf6 5. Nge2 c5 6. d4 b6 7. g3 Bb7 8. Bg2 c4 9. 0-0 Bd6 10. Nf4 Bxf4 11. exf4 0-0 12. Re1 a6 13. b3 b5 14. bxc4 bxc4 15. Rb1 Qc7 16. Ba3 Rd8 17. Re7 Nbd7 18. Qc2 Re8 19. Rbe1 Rxe7 20. Rxe7 Rd8 21. Re1 Bc6 22. Bb2 Rb8 23. Rb1 Nf8 24. f5 Qc8 25. Ba3 Rxb1+ 26. Qxb1 Qb7 27. Qxb7 Bxb7 28. Kf1 N8d7 29. h3 Nb6 30. Bc5 Nbd7 31. Ba7 Bc6 32. g4 Ne8 33. Bxd5 Bxd5 34. Nxd5 Nef6 35. Nxf6+ gxf6 36. Bc5 Nxc5 37. dxc5 Kf8 38. Ke2 Ke7 39. Ke3 Kd7 40. Kd4 Kc7 41. Kxc4 Kb7 42. a4 Kc6 43. a5 Kc7 44. Kd5 Kd7 45. c6+ Kc7 46. Kc5 h6 47. h4 Kc8 48. Kb6 Kb8 49. Kxa6 Kc7 50. Kb5 Kc8 51. Kb6 Kb8 52. c7+ Kc8 53. a6 Kd7 54. Kb7 Kd6 55. c8Q Kd5 56. a7 Ke4 57. a8Q Kf4 58. Qa4+ Kf3 59. Qc3+ Kxf2 60. Qa2+ Kf1 61. Qc1# 1-0

[Event "ROM-ch U10 Girls"]
[Site "Calimanesti"]
[Date "2018.03.30"]
[Round "5"]
[White "Pirvan, Maria"]
[Black "Andries, Alexia"]
[Result "1-0"]
[WhiteElo "1311"]
[BlackElo "1247"]
[PlyCount "117"]
[EventDate "2018.03.27"]
[EventType "swiss"]
[EventRounds "9"]
[EventCountry "ROU"]
[SourceTitle "CBM 183 Extra"]
[Source "ChessBase"]
[SourceDate "2018.04.19"]
[SourceVersion "1"]
[SourceVersionDate "2018.04.19"]
[SourceQuality "1"]

1. e4 c5 2. Nf3 e6 3. d4 cxd4 4. Nxd4 a6 5. c4 Qc7 6. Nc3 Nf6 7. Qd3 d6 8. Qg3 Nbd7 9. Bd3 Ne5 10. b3 Qc5 11. Nde2 Nfg4 12. 0-0 g6 13. h3 Nf6 14. Bc2 Bg7 15. Be3 Qc7 16. f4 Nc6 17. Rad1 0-0 18. Qf2 Nb4 19. Bb1 e5 20. fxe5 dxe5 21. Bc5 Be6 22. Bxb4 Rfe8 23. Bd6 Qc6 24. Bxe5 Nh5 25. Bxg7 Nxg7 26. Nd4 Qc8 27. Nxe6 Qxe6 28. Nd5 Rec8 29. Nb6 Rab8 30. Nxc8 Rxc8 31. Qf6 Qe8 32. Rf2 Nh5 33. Qf3 Rc7 34. Rfd2 Rc8 35. Rd7 b5 36. cxb5 axb5 37. Qd3 Nf6 38. Rd8 Rxd8 39. Qxd8 Qxd8 40. Rxd8+ Kg7 41. Rb8 Nd7 42. Rxb5 Nf8 43. a4 Ne6 44. a5 Kf6 45. a6 Nc7 46. Rb6+ Kg7 47. a7 Kh6 48. Rb8 f6 49. a8Q Nxa8 50. Rxa8 Kg5 51. Rc8 h6 52. b4 h5 53. b5 h4 54. b6 Kh6 55. b7 g5 56. b8Q Kg6 57. Rh8 Kf7 58. Qe8+ Kg7 59. Qg8# 1-0

[Event "ROM-ch U10 Girls"]
[Site "Baile Felix"]
[Date "2017.02.08"]
[Round "8"]
[White "Fileru, Maria"]
[Black "Pirvan, Maria"]
[Result "1-0"]
[WhiteElo "1314"]
[BlackElo "1154"]
[PlyCount "105"]
[EventDate "2017.02.02"]
[EventType "swiss"]
[EventRounds "9"]
[EventCountry "ROU"]
[SourceTitle "CBM 176 Extra"]
[Source "ChessBase"]
[SourceDate "2017.03.02"]
[SourceVersion "1"]
[SourceVersionDate "2017.03.02"]
[SourceQuality "1"]

1. d4 d5 2. c4 c6 3. Nc3 e6 4. cxd5 exd5 5. e3 f5 6. Bd3 Nf6 7. Qc2 g6 8. Nf3 Bg7 9. 0-0 0-0 10. Ne5 Nbd7 11. Na4 Nxe5 12. dxe5 Nd7 13. f4 Nb6 14. Nc5 g5 15. a4 gxf4 16. exf4 Kh8 17. a5 Nc4 18. Bxc4 dxc4 19. Qxc4 Rg8 20. Be3 Qh4 21. Bf2 Qg4 22. Bg3 Bxe5 23. Nd3 Bf6 24. Rab1 h5 25. Qc2 h4 26. Be1 h3 27. g3 Be6 28. Bc3 Bg7 29. Bxg7+ Rxg7 30. Ne5 Qh5 31. Qd1 Qh7 32. Qd6 Bd5 33. b4 Rag8 34. Kf2 Qh5 35. b5 Be4 36. Rb3 cxb5 37. Rxb5 Re8 38. Rb3 a6 39. Re3 Reg8 40. Rb3 Re8 41. Re3 Bg2 42. Rfe1 Be4 43. Rf1 Bc2 44. Rc1 Be4 45. Rc7 Bg2 46. Nd7 Qg6 47. Re6 Qg4 48. Rh6+ Rh7 49. Rxh7+ Kxh7 50. Nf6+ Kg6 51. Nxg4+ Kh5 52. Qh6+ Kxg4 53. Qh4# 1-0

[Event "ROM-ch U10 Girls"]
[Site "Baile Felix"]
[Date "2017.02.02"]
[Round "1"]
[White "Pirvan, Maria"]
[Black "Milea, Clara Andreea"]
[Result "1-0"]
[WhiteElo "1154"]
[BlackElo "1001"]
[PlyCount "61"]
[EventDate "2017.02.02"]
[EventType "swiss"]
[EventRounds "9"]
[EventCountry "ROU"]
[SourceTitle "CBM 176 Extra"]
[Source "ChessBase"]
[SourceDate "2017.03.02"]
[SourceVersion "1"]
[SourceVersionDate "2017.03.02"]
[SourceQuality "1"]

1. d4 d5 2. c4 dxc4 3. e3 Be6 4. Nc3 Nf6 5. Nf3 Nd5 6. Bd2 Bf5 7. Bxc4 Nxc3 8. Bxc3 e6 9. 0-0 Bd6 10. Qe2 0-0 11. Rfd1 Qf6 12. e4 Bxh2+ 13. Nxh2 Bg6 14. d5 e5 15. Nf3 Bh5 16. Rd3 Qh4 17. Re3 Qg5 18. Nxg5 Bxe2 19. Rxe2 Nd7 20. Nf3 Rae8 21. Rae1 f6 22. d6+ Kh8 23. dxc7 Nc5 24. Rd1 Rc8 25. Red2 g6 26. Rd8 Kg7 27. Rxf8 Rxf8 28. Rd8 Rxd8 29. cxd8Q g5 30. Qe7+ Kh8 31. Qf8# 1-0

[Event "ROM-ch U08 Girls"]
[Site "Calimanesti Caciulata"]
[Date "2016.04.24"]
[Round "8"]
[White "Pirvan, Maria"]
[Black "Moldovan, Laura"]
[Result "1-0"]
[WhiteElo "1073"]
[BlackElo "1091"]
[PlyCount "95"]
[EventDate "2016.04.18"]
[EventType "swiss"]
[EventRounds "9"]
[EventCountry "ROU"]
[SourceTitle "CBM 172 Extra"]
[Source "ChessBase"]
[SourceDate "2016.06.21"]
[SourceVersion "1"]
[SourceVersionDate "2016.06.21"]
[SourceQuality "1"]

1. d4 Nf6 2. c4 e6 3. e3 b6 4. Nf3 Bb7 5. Nc3 Na6 6. Be2 Qe7 7. 0-0 0-0-0 8. b3 g5 9. Nxg5 Rg8 10. Nf3 Ne8 11. Bb2 h5 12. Qc2 e5 13. dxe5 Qxe5 14. Nd5 Qe6 15. Rad1 Qh3 16. g3 h4 17. Rfe1 hxg3 18. hxg3 Bg7 19. Ne7+ Kb8 20. Nxg8 Bxb2 21. Qxb2 Nc5 22. b4 Na6 23. Bf1 Qg4 24. Bg2 Bxf3 25. Bxf3 Qxf3 26. Ne7 Qe4 27. b5 Nc5 28. Nc6+ Kc8 29. Nxd8 Kxd8 30. Qe2 Nf6 31. f3 Qe6 32. e4 Na4 33. Rd3 Qxc4 34. Rxd7+ Nxd7 35. Qxc4 Nb2 36. Qxf7 Na4 37. Rd1 Nac5 38. g4 Kc8 39. g5 Kb7 40. g6 Ne5 41. Qf6 Ncd7 42. Qe6 Nxf3+ 43. Kf2 Nf8 44. Qc6+ Kc8 45. Kxf3 Nxg6 46. Rd7 Kb8 47. Qxc7+ Ka8 48. Qc8# 1-0

[Event "ROM-ch U08 Girls"]
[Site "Calimanesti Caciulata"]
[Date "2016.04.21"]
[Round "4"]
[White "Pirvan, Maria"]
[Black "Criveanu, Maria"]
[Result "1/2-1/2"]
[WhiteElo "1073"]
[BlackElo "1027"]
[PlyCount "135"]
[EventDate "2016.04.18"]
[EventType "swiss"]
[EventRounds "9"]
[EventCountry "ROU"]
[SourceTitle "CBM 172 Extra"]
[Source "ChessBase"]
[SourceDate "2016.06.21"]
[SourceVersion "1"]
[SourceVersionDate "2016.06.21"]
[SourceQuality "1"]

1. d4 d5 2. c4 c6 3. e3 Nf6 4. Nc3 Bf5 5. Nf3 Nbd7 6. Be2 e6 7. a3 Bd6 8. 0-0 0-0 9. c5 Bc7 10. Re1 Bg4 11. h3 Bf5 12. Bd3 Bg6 13. Bxg6 fxg6 14. b4 a6 15. Bb2 Re8 16. Qe2 Bb8 17. Qd3 Qc7 18. e4 e5 19. Rad1 exd4 20. Qxd4 Qf4 21. exd5 Qxd4 22. Rxd4 Rxe1+ 23. Nxe1 Be5 24. Rd3 Re8 25. Nf3 Bc7 26. Na2 cxd5 27. Bc1 h6 28. Be3 Ne5 29. Nxe5 Rxe5 30. Nc3 Ne4 31. Nxd5 Bb8 32. Bf4 Re8 33. Bxb8 Rxb8 34. Ne7+ Kf7 35. Rd7 Ke8 36. Rc7 Kd8 37. Nd5 Nf6 38. Rxg7 Nxd5 39. Rh7 h5 40. h4 Nf6 41. Rg7 Ng4 42. g3 Rc8 43. Rg8+ Kc7 44. Rxc8+ Kxc8 45. f4 Ne3 46. Kf2 Nf5 47. Kf3 Kd7 48. g4 hxg4+ 49. Kxg4 Ke6 50. Kg5 Kf7 51. a4 Ng7 52. Kg4 Ke7 53. f5 gxf5+ 54. Kg5 Kf7 55. b5 axb5 56. axb5 Ke6 57. h5 Kf7 58. c6 bxc6 59. bxc6 Ne6+ 60. Kxf5 Nc7 61. h6 Kg8 62. Ke5 Kh8 63. Kf6 Kh7 64. Ke7 Kxh6 65. Kd7 Nd5 66. Kd8 Kh7 67. Kd7 Nb6+ 68. Kc7 1/2-1/2

[Event "ROM-ch U08 Girls"]
[Site "Calimanesti Caciulata"]
[Date "2016.04.20"]
[Round "3"]
[White "Pirvan, Maria"]
[Black "Rata, Eliza"]
[Result "1-0"]
[WhiteElo "1073"]
[BlackElo "1001"]
[PlyCount "65"]
[EventDate "2016.04.18"]
[EventType "swiss"]
[EventRounds "9"]
[EventCountry "ROU"]
[SourceTitle "CBM 172 Extra"]
[Source "ChessBase"]
[SourceDate "2016.06.21"]
[SourceVersion "1"]
[SourceVersionDate "2016.06.21"]
[SourceQuality "1"]

1. d4 e6 2. c4 Bb4+ 3. Bd2 Bd6 4. Nf3 Nc6 5. Nc3 Bb4 6. a3 Be7 7. e3 Nf6 8. g3 0-0 9. Bg2 Na5 10. b3 d5 11. cxd5 exd5 12. 0-0 Be6 13. Ne2 b6 14. Re1 c5 15. Qc2 Nc6 16. Nc3 cxd4 17. exd4 a5 18. Bf4 Qd7 19. Ne5 Nxe5 20. Bxe5 b5 21. a4 bxa4 22. bxa4 Bf5 23. Qe2 Rab8 24. Bxb8 Rxb8 25. Nxd5 Bb4 26. Nxb4 axb4 27. Qd2 b3 28. Rab1 Qxa4 29. Rb2 Nd5 30. Bxd5 h5 31. Qf4 Bh3 32. Qxf7+ Kh7 33. Qxh5# 1-0

[Event "ROM-ch U08 Girls"]
[Site "Calimanesti Caciulata"]
[Date "2016.04.19"]
[Round "2"]
[White "Chira Jurj, Miruna Emilia"]
[Black "Pirvan, Maria"]
[Result "0-1"]
[WhiteElo "1001"]
[BlackElo "1073"]
[PlyCount "72"]
[EventDate "2016.04.18"]
[EventType "swiss"]
[EventRounds "9"]
[EventCountry "ROU"]
[SourceTitle "CBM 172 Extra"]
[Source "ChessBase"]
[SourceDate "2016.06.21"]
[SourceVersion "1"]
[SourceVersionDate "2016.06.21"]
[SourceQuality "1"]

1. e4 e6 2. d4 d5 3. Nc3 c5 4. h4 dxe4 5. Nxe4 cxd4 6. Bg5 Be7 7. f4 Bxg5 8. hxg5 Nc6 9. Qf3 Nb4 10. 0-0-0 Nxa2+ 11. Kb1 Nb4 12. Qf2 Bd7 13. Qxd4 Nc6 14. Qxg7 Qe7 15. Qxh8 0-0-0 16. Rxh7 Qb4 17. Rxf7 Na5 18. Qg7 Nc4 19. Rf8 Rxf8 20. Qxf8+ Qxf8 21. Bxc4 Bc6 22. Bxe6+ Kc7 23. Nf3 Bxe4 24. Rd7+ Kb8 25. Rd4 Bc6 26. Bxg8 Qxg8 27. f5 a5 28. g6 Qf8 29. Nh4 a4 30. c4 a3 31. bxa3 Qf6 32. g3 Qxd4 33. g4 Be4+ 34. Kc1 Qc3+ 35. Kd1 Bc2+ 36. Ke2 Bd3+ 0-1